| 000 | 00772nam a2200217Ia 4500 | ||
|---|---|---|---|
| 003 | GCL | ||
| 008 | 140319s9999 xx 000 0 ara d | ||
| 020 | _a4349287977 | ||
| 040 |
_aGCL / _cGCL |
||
| 082 | 0 | 4 |
_a621.38215 _bع ش |
| 100 | 1 | _aعبدالحميد بسيونى | |
| 245 | 1 | 0 |
_aشبكات الكمبيوتر اللاسلكية / _cعبدالحميد بسيونى |
| 250 | _aالاولى | ||
| 260 |
_aالقاهرة : _bدار الكتب العلمية للنشر والتوزيع ، _c2003 |
||
| 300 |
_a231 ص ؛ _c24 سم |
||
| 650 | 0 | 4 | _aالحاسبات الالكترونية |
| 650 | 0 | 4 | _aشبكات الحاسبات |
| 650 | 0 | 4 | _aالبيانات (حاسبات الكترونية) |
| 650 | 0 | 4 | _aالبيانات - نظم نقل |
| 942 |
_2ddc _cBK |
||
| 999 |
_c38393 _d38393 |
||